000
003270000a22001450004500
060
_a
100
082
_a
581.6340954 BAS.03
100
_a
Basu, B D
245
_a
Indian Medicinal Plants
260
_a
Bishen singh Mahendra pal singh
260
_c
1975
300
_a
779
650
_a
Medicinal plants - India
942
_c
BK
999
_c
346687
_d
346687